| 000 | 02150nam0a2200373 i 4500 | ||
|---|---|---|---|
| 001 | RU\NLR\BIBL_A\011383420 | ||
| 005 | 20260407073331.0 | ||
| 010 |
_a9785935727185 _91000 |
||
| 021 |
_aRU _b2017-926и _973и |
||
| 035 | _a(NLR Aleph) 011383420 | ||
| 090 |
_a11413833 _c11413833 |
||
| 100 | _a20170511d2017 k y0rusy50 ca | ||
| 101 | 0 |
_arus _deng |
|
| 102 | _aRU | ||
| 105 | _aach z 001zy | ||
| 200 | 1 |
_aВизантия сквозь века _dByzantium through the centuries _e[каталог выставки, 24 июня - 2 октября 2016 г. _fвступительное слово: Михаил Пиотровский и др. _gавторы статей: Юрий Пятницкий и др.] _zeng |
|
| 210 |
_aСанкт-Петербург _cИзд-во Государственного Эрмитажа _d2017 |
||
| 215 |
_a427 с. _cил., цв. ил., портр., факс. _d30 |
||
| 300 | _aВ надзаг: Государственный Эрмитаж | ||
| 300 | _aРез. на англ. яз. | ||
| 320 | _aБиблиогр.: с. 409-425 и в тексте | ||
| 510 | 1 |
_aByzantium through the centuries _zeng |
|
| 601 | 0 | 2 |
_aГосударственный Эрмитаж _cСанкт-Петербург, город _jКаталоги _xВыставки _z2016 _92309337 _3RU\NLR\AUTH\6601607983 |
| 606 | 1 |
_aИзобразительное искусство византийское _jКаталоги _xВыставки _yСанкт-Петербург, город _z2016 _92327348 _3RU\NLR\AUTH\6601616397 |
|
| 686 | 1 | _aЩ103(0)421 л62 | |
| 686 | 1 | _aЩ101.3(2Р)-2Санкт-Петербург2Эрмитаж л62 | |
| 711 | 1 | 2 |
_a"Византия сквозь века", выставка _eСанкт-Петербург _f2016 _9541088 _3RU\NLR\AUTH\880438381 |
| 712 | 0 | 2 |
_4570 _aГосударственный Эрмитаж _cСанкт-Петербург _3RU\NLR\AUTH\883267 _9277747 |
| 942 | _cBOOK | ||
| 980 | _aNBR | ||